El Ingenioso Hidalgo Don Quijote de la Mancha (Record no. 2518)

MARC details
000 -CABECERA
campo de control de longitud fija 01770nam a2200313 a 4500
001 - NÚMERO DE CONTROL
campo de control BRCA_2778
005 - FECHA Y HORA DE LA ÚLTIMA TRANSACCIÓN
campo de control 20190320203951.0
008 - DATOS DE LONGITUD FIJA--INFORMACIÓN GENERAL
campo de control de longitud fija 081208s1903----sp-a---###---#000-0#spa-u
041 ## - CÓDIGO DE LENGUA
Código de lengua del texto/banda sonora o título independiente spa
044 ## - CÓDIGO DEL PAÍS DE LA ENTIDAD EDITORA/PRODUCTORA
Código MARC del país sp
084 ## - OTRO NÚMERO DE CLASIFICACIÓN
Número de clasificación 247
Número de documento/Ítem .M378
-- 1903
100 1# - ENTRADA PRINCIPAL--NOMBRE DE PERSONA
Nombre de persona Cervantes Saavedra, Miguel de
Fechas asociadas al nombre 1547-1616
9 (RLIN) 213
245 10 - MENCIÓN DE TÍTULO
Título El Ingenioso Hidalgo Don Quijote de la Mancha
Mención de responsabilidad, etc. compuesto por Miguel de Cervantes Saavedra.
260 ## - PUBLICACIÓN, DISTRIBUCIÓN, ETC.
Lugar de publicación, distribución, etc. Barcelona
Nombre del editor, distribuidor, etc. Emilio Martínez
Fecha de publicación, distribución, etc. 1903
300 ## - DESCRIPCIÓN FÍSICA
Extensión 18 v. en 36 t.
Otras características físicas il.
Dimensiones 12 cm.
500 ## - NOTA GENERAL
Nota general Contenido : v 1-9. Primera parte. Dedicatoria del autor. Prólogo del autor. Versos preliminares. Texto. -- v 10-18. Segunda parte. Dedicatoria del autor. Prólogo del autor
500 ## - NOTA GENERAL
Nota general Edición : Dedicada al cuerpo escolar. Ilustrada por el reputado dibujante José Passos
500 ## - NOTA GENERAL
Nota general Tres defectos tiene la presente edición: Primero: haber tomado por modelo la de Hartzenbusch; segundo, el descuido en la corrección del texto que está plagado de erratas; y el tercero dividirla en igual número de tomos como letras contiene el título de la obra. Edición publicada con motivo del tercer centenario de la aparición de la primera parte del Quijote. Tela; cubiertas decoradas con un motiv cervantino Lúdovik Osterc
500 ## - NOTA GENERAL
Nota general Estado físico : La cubierta de los volúmenes 1, 3 y 18 se encuentra ligeramente desprendida
500 ## - NOTA GENERAL
Nota general QM129
650 14 - PUNTO DE ACCESO ADICIONAL DE MATERIA--TÉRMINO DE MATERIA
Término de materia o nombre geográfico como elemento de entrada Novela española
Subdivisión cronológica Época clásica, 1500-1700
9 (RLIN) 215
650 14 - PUNTO DE ACCESO ADICIONAL DE MATERIA--TÉRMINO DE MATERIA
Término de materia o nombre geográfico como elemento de entrada Literatura española
Subdivisión cronológica Época clásica, 1500-1700
9 (RLIN) 216
650 14 - PUNTO DE ACCESO ADICIONAL DE MATERIA--TÉRMINO DE MATERIA
Término de materia o nombre geográfico como elemento de entrada Novela española
Subdivisión cronológica Siglo XVII
9 (RLIN) 217
650 14 - PUNTO DE ACCESO ADICIONAL DE MATERIA--TÉRMINO DE MATERIA
Término de materia o nombre geográfico como elemento de entrada Don Quijote (Personaje ficticio)
Término indicativo de función/relación Novela
9 (RLIN) 218
700 1# - PUNTO DE ACCESO ADICIONAL--NOMBRE DE PERSONA
Nombre de persona Passos, José
Término indicativo de función/relación Ilustrador
9 (RLIN) 7812
740 0# - PUNTO DE ACCESO ADICIONAL--TÍTULO RELACIONADO O ANALÍTICO NO CONTROLADO
Título relacionado o analítico no controlado El Ingenioso Hidalgo Don Quijote de la Mancha
902 ## - CATALOGADOR
Iniciales QFM
942 ## - ELEMENTOS DE PUNTO DE ACCESO ADICIONAL (KOHA)
Fuente del sistema de clasificación o colocación Library of Congress Classification
Tipo de ítem Koha Libros
Holdings
Estado de retiro Estado de pérdida Estado dañado No para préstamo Localización permanente Ubicación/localización actual Fecha de adquisición Número de inventario Total de préstamos Signatura topográfica completa Código de barras Fecha visto por última vez Precio válido a partir de Tipo de ítem Koha
El ejemplar forma parte de la colección y puede ser consultado según las políticas vigentes.       Biblioteca del Museo Franz Mayer (Rogerio Casas-Alatriste) Biblioteca del Museo Franz Mayer (Rogerio Casas-Alatriste) 08/12/2008 QM129   247 .M378 1903 (QM129) 2775 22/03/2019 22/03/2019 Libros